General studies (Paper-I) civil services (Mains) examination : (Record no. 91149)

MARC details
000 -LEADER
fixed length control field 00652nam a22001817a 4500
005 - DATE AND TIME OF LATEST TRANSACTION
control field 20150213120652.0
010 ## - LCCN (DPL NO)
LC control number ENG-112065
020 ## - INTERNATIONAL STANDARD BOOK NUMBER
International Standard Book Number 9789351433187
Terms of availability 1099.00
035 ## - SYSTEM CONTROL NUMBER
System control number EN-95597
037 ## - SOURCE OF ACQUISITION
Source of stock number/acquisition DBAD/PUB
082 ## - DEWEY DECIMAL CLASSIFICATION NUMBER
Classification number 000
245 ## - TITLE STATEMENT
Title General studies (Paper-I) civil services (Mains) examination :
Remainder of title Indian heritage and culture, history and geography of the world and society /
260 ## - PUBLICATION, DISTRIBUTION, ETC. (IMPRINT)
Place of publication, distribution, etc Gurgaon
Name of publisher, distributor, etc LexisNexis
Date of publication, distribution, etc 2015
270 ## - ADDRESS
Address 14th Floor, Bldg. No.10, Tower-B, DLF Cyber City, Phase-II
City Gurgaon
Postal code 122002
300 ## - PHYSICAL DESCRIPTION
Extent various pagings
Other physical details 22cm(pbk)
490 ## - SERIES STATEMENT
Series statement CATAPULT test prep series
942 ## - ADDED ENTRY ELEMENTS (KOHA)
Source of classification or shelving scheme Dewey Decimal Classification
Item type English Books
Call number suffix GEN
Classification part 000
Holdings
Withdrawn status Lost status Not for loan Collection code Home library Current library Date acquired Source of acquisition Cost, normal purchase price Full call number Barcode Copy number Cost, replacement price Koha item type
    Not For Loan Non-fiction D.B.Act.Division D.B.Act.Division 03/02/2015 DBAD/PUB 1099.00 000GEN EN-95597 1 1099.00 English Books

© Delhi Public Library
Hit Counter
free hit counter